Doing a successful research project : using qualitative or quantitative methods (Record no. 11432)

000 -LEADER
fixed length control field 00892cam a22002294a 4500
020 ## - INTERNATIONAL STANDARD BOOK NUMBER
International Standard Book Number 1403993793
020 ## - INTERNATIONAL STANDARD BOOK NUMBER
International Standard Book Number 9781403993793
040 ## - CATALOGING SOURCE
Original cataloging agency DLC
Transcribing agency DLC
Modifying agency DLC
082 00 - DEWEY DECIMAL CLASSIFICATION NUMBER
Classification number 001.42
Edition number 22
084 ## - OTHER CLASSIFICATION NUMBER
Classification number MAT 620f
Number source stub
084 ## - OTHER CLASSIFICATION NUMBER
Classification number MR 2000
Number source rvk
084 ## - OTHER CLASSIFICATION NUMBER
Classification number WIS 470f
Number source stub
100 1# - MAIN ENTRY--PERSONAL NAME
Personal name Davies, Martin,
245 10 - TITLE STATEMENT
Title Doing a successful research project : using qualitative or quantitative methods
Statement of responsibility, etc. Martin Brett Davies.
260 ## - PUBLICATION, DISTRIBUTION, ETC.
Place of publication, distribution, etc. Basingstoke [England] ;
-- New York :
Name of publisher, distributor, etc. Palgrave Macmillan,
Date of publication, distribution, etc. 2007.
300 ## - PHYSICAL DESCRIPTION
Extent xiv, 274 p. :
Other physical details ill. ;
Dimensions 22 cm.
504 ## - BIBLIOGRAPHY, ETC. NOTE
Bibliography, etc. note Includes bibliographical references (p. 267-269) and index.
650 #0 - SUBJECT ADDED ENTRY--TOPICAL TERM
Topical term or geographic name entry element Social sciences
General subdivision Research.
650 #0 - SUBJECT ADDED ENTRY--TOPICAL TERM
Topical term or geographic name entry element Qualitative research.
856 41 - ELECTRONIC LOCATION AND ACCESS
Materials specified Table of contents
Uniform Resource Identifier <a href="http://bvbr.bib-bvb.de:8991/F?func=service&doc_library=BVB01&doc_number=015431011&line_number=0001&func_code=DB_RECORDS&service_type=MEDIA">http://bvbr.bib-bvb.de:8991/F?func=service&doc_library=BVB01&doc_number=015431011&line_number=0001&func_code=DB_RECORDS&service_type=MEDIA</a>
942 ## - ADDED ENTRY ELEMENTS (KOHA)
Source of classification or shelving scheme
Koha item type Book
Holdings
Withdrawn status Lost status Damaged status Not for loan Collection code Permanent Location Current Location Shelving location Date acquired Source of acquisition Cost, normal purchase price Total Checkouts Total Renewals Full call number Barcode Date last seen Date last checked out Price effective from Koha item type
        Computer Science Central Library (CL) Central Library (CL) First Floor - Computer Science 11/12/2012 Allied Book Company 2410.41 3 1 001.42 DAV SEECS011664 06/15/2022 02/25/2021 01/05/2017 Book
        Computer Science Central Library (CL) Central Library (CL) First Floor - Computer Science 11/12/2012 Allied Book Company 2410.41 1 1 001.42 DAV SEECS011665 09/18/2024 07/08/2015 01/05/2017 Book
        Computer Science Central Library (CL) Central Library (CL) First Floor - Computer Science 11/12/2012 Allied Book Company 2410.41 3 1 001.42 DAV SEECS011666 10/07/2015 08/16/2015 01/05/2017 Book
        Computer Science Central Library (CL) Central Library (CL) First Floor - Computer Science 11/12/2012 Allied Book Company 2410.41 1 1 001.42 DAV SEECS011667 07/02/2024 12/17/2014 01/05/2017 Book
        Computer Science Central Library (CL) Central Library (CL) First Floor - Computer Science 11/12/2012 Allied Book Company 2410.41 1 1 001.42 DAV SEECS011668 06/16/2021 03/17/2015 01/05/2017 Book
© 2023 Central Library, National University of Sciences and Technology. All Rights Reserved.